Ras il-Wardija sanctuary revisited : a re-assessment of the evidence and newly informed interpretations of a Punic-Roman sanctuary in Gozo (Malta) /

The secluded sanctuary on the coastal promontory of Ras il-Wardija on the central Mediterranean island of Gozo (near Malta) constitutes another landmark on the religious map of the ancient Mediterranean. Ritual activity at the sanctuary seems to be evidenced from around the 3rd century BC to the 2nd...

وصف كامل

محفوظ في:

المؤلف الرئيسي: Azzopardi, George (مؤلف)

التنسيق: كتاب الكتروني

اللغة: English

منشور في: Summertown, Oxford : Archaeopress Publishing Ltd, 2017.

الموضوعات:

الوصول للمادة أونلاين: Login to view Source

الوسوم: إضافة وسم

لا توجد وسوم, كن أول من يضع وسما على هذه التسجيلة!

رقم الطلب: DG999.G59

LEADER 02073nam a2200373 i 4500
001 EDZ0001939544
003 StDuBDS
005 20230412182023.0
006 m|||||o||d||||||||
007 cr |||||||||||
008 170818s2017 enka fo 000|0|eng|d
020 |a 9781784916701 (ebook) :  |c No price 
040 |a StDuBDS  |b eng  |c StDuBDS  |e rda  |e pn 
050 4 |a DG999.G59 
082 0 4 |a 937.85  |2 23 
100 1 |a Azzopardi, George,  |e author. 
245 1 0 |a Ras il-Wardija sanctuary revisited :  |b a re-assessment of the evidence and newly informed interpretations of a Punic-Roman sanctuary in Gozo (Malta) /  |c by George Azzopardi. 
264 1 |a Summertown, Oxford :  |b Archaeopress Publishing Ltd,  |c 2017. 
300 |a 1 online resource (vi, 82 pages) :  |b illustrations (black and white) 
336 |a text  |2 rdacontent 
336 |a still image  |2 rdacontent 
337 |a computer  |2 rdamedia 
338 |a online resource  |2 rdacarrier 
500 |a Previously issued in print: 2017. 
520 8 |a The secluded sanctuary on the coastal promontory of Ras il-Wardija on the central Mediterranean island of Gozo (near Malta) constitutes another landmark on the religious map of the ancient Mediterranean. Ritual activity at the sanctuary seems to be evidenced from around the 3rd century BC to the 2nd century AD and, possibly, even as late as the 4th century AD. This ritual activity was focused in a small built temple and in a rock-cut cave that seems to have incorporated a built extension in a later stage. This text examines the significance of the site. 
521 |a Specialized. 
588 |a Description based on online resource; title from home page (viewed on September 24, 2018). 
651 0 |a Gozo Island (Malta)  |x Antiquities. 
650 0 |a Punic antiquities. 
776 0 8 |i Print version :  |z 9781784916695 
856 4 0 |3 Archaeopress  |u http://library.arce.org:8087/Archaeopress/Products/9781784916695 
942 |2 lcc  |c EBOOK 
952 |0 0  |1 0  |4 0  |6 DG0999 G59  |7 1  |9 46306  |a ARCH  |b ARCH  |d 2023-04-12  |l 0  |o DG999.G59  |r 2023-04-12 00:00:00  |w 2023-04-12  |y EBOOK 
999 |c 51964  |d 51964